[Event "Torneo A"]
[Site "Locri ITA"]
[Date "2014.04.17"]
[Round "3"]
[White "Varvaglione, Antonio"]
[Black "Carbone, Edoardo"]
[WhiteElo "2057"]
[BlackElo "1901"]
[Result "1-0"]
[PlyCount "89"]
[EventDate "2014.04.16"]

1. e4 c5 2. c3 e6 3. d4 d5 4. exd5 Qxd5 5. Nf3 Nf6 6. Be2 Be7 7. O-O cxd4 8.
cxd4 O-O 9. Nc3 Qd8 10. Be3 Nc6 11. Rc1 Nb4 12. Ne5 Nbd5 13. Bf3 Nxc3 14. bxc3
Nd5 15. c4 Nxe3 16. fxe3 Qc7 17. c5 f6 18. Nd3 Rd8 19. Qb3 Kh8 20. Nf4 f5 21.
c6 b6 22. d5 e5 23. d6 Rxd6 24. Nd5 Rxd5 25. Qxd5 Bc5 26. Rxc5 bxc5 27. Rd1 Ba6
28. Qd7 Qxd7 29. Rxd7 h6 30. c7 Rc8 31. Be2 Bb7 32. g4 g6 33. gxf5 gxf5 34. Bc4
f4 35. e4 Rf8 36. Be6 c4 37. Rd8 Kg7 38. Rb8 Ba6 39. Bxc4 Bc8 40. Bd5 h5 41. h4
Rh8 42. a4 a5 43. Ra8 Rf8 44. Rxa5 f3 45. Kf2 1-0

[Event "Torneo A"]
[Site "Locri ITA"]
[Date "2014.04.17"]
[Round "3"]
[White "Violi, Vincenzo"]
[Black "Nobile, Stefano"]
[WhiteElo "1859"]
[BlackElo "1807"]
[Result "0-1"]
[PlyCount "40"]
[EventDate "2014.04.16"]

1. e4 c6 2. d4 d5 3. e5 Bf5 4. h4 h6 5. c4 e6 6. Nc3 Ne7 7. Nge2 dxc4 8. Ng3 b5
9. a4 b4 10. Nce4 Bxe4 11. Nxe4 Nf5 12. Be3 Qd5 13. Nd2 Nxd4 14. Nxc4 Bc5 15.
Qd3 O-O 16. O-O-O Rd8 17. Be2 Na6 18. g4 Nc7 19. Bxd4 Qxd4 20. g5 Qf4+ 0-1

[Event "Torneo A"]
[Site "Locri ITA"]
[Date "2014.04.17"]
[Round "4"]
[White "Arnetta, Maria Teresa"]
[Black "Carbone, Stefano"]
[WhiteElo "1998"]
[BlackElo "2085"]
[Result "0-1"]
[PlyCount "82"]
[EventDate "2014.04.16"]

1. e4 d5 2. exd5 Qxd5 3. Nc3 Qd6 4. d4 Nf6 5. Nb5 Qb6 6. c4 c6 7. Nc3 Bf5 8.
Nf3 e6 9. Be2 Nbd7 10. O-O Be7 11. a3 a5 12. Nh4 Bg6 13. Bf4 O-O 14. Nxg6 hxg6
15. Na4 Qa7 16. Bf3 Rad8 17. Be3 Qb8 18. Qe2 Bd6 19. g3 e5 20. dxe5 Nxe5 21.
Bg2 b5 22. cxb5 cxb5 23. Nc3 Nc4 24. Bg5 Rfe8 25. Qc2 Rc8 26. Rfd1 Be5 27. Rd3
Rc7 28. Bd2 Qb6 29. Qb3 Rb8 30. Re1 Nxd2 31. Rxd2 Bxc3 32. bxc3 Qc5 33. Rd3 Ng4
34. Re2 Qh5 35. h3 Nf6 36. Rde3 Qc5 37. g4 Qc4 38. Qd1 Rd7 39. Qe1 Rbd8 40.
Re8+ Nxe8 41. Rxe8+ Kh7 0-1

[Event "Torneo A"]
[Site "Locri ITA"]
[Date "2014.04.17"]
[Round "4"]
[White "Carbone, Edoardo"]
[Black "Valotta, Massimiliano"]
[WhiteElo "1901"]
[BlackElo "1849"]
[Result "1-0"]
[PlyCount "107"]
[EventDate "2014.04.16"]

1. d4 d6 2. Nf3 g6 3. Bf4 Nf6 4. h3 Bg7 5. e3 O-O 6. Be2 Nbd7 7. O-O c5 8. c3
b6 9. Nbd2 Bb7 10. a4 a6 11. Re1 Re8 12. Nc4 Rc8 13. Bh2 h6 14. Bd3 Nh7 15. e4
d5 16. exd5 Bxd5 17. Nce5 c4 18. Bc2 Bxf3 19. Qxf3 Ng5 20. Qe2 Nxe5 21. dxe5 e6
22. h4 Nh7 23. Bg3 Qc7 24. h5 g5 25. Qe4 Nf8 26. Rad1 Rcd8 27. f4 gxf4 28. Qxf4
b5 29. Qg4 Rxd1 30. Bxd1 Nh7 31. Bh4 Kh8 32. Qe4 Rg8 33. Bc2 Nf8 34. axb5 axb5
35. Bf2 Qe7 36. Be3 Qc7 37. Bf4 Qc5+ 38. Kf1 f5 39. exf6 Bxf6 40. Be5 Qxe5 41.
Qxe5 Bxe5 42. Rxe5 Rg5 43. Rxg5 hxg5 44. Be4 Nd7 45. Bc6 Ne5 46. Bxb5 Kg7 47.
Ke2 Kh6 48. Ke3 Kxh5 49. Kd4 Nd3 50. Bxc4 Nxb2 51. Bxe6 Kh4 52. g4 Kg3 53. c4
Na4 54. c5 1-0

[Event "Torneo A"]
[Site "Locri ITA"]
[Date "2014.04.17"]
[Round "4"]
[White "Cordi', Domenico"]
[Black "Tricomi, Massimo"]
[WhiteElo "1993"]
[BlackElo "1883"]
[Result "1-0"]
[PlyCount "111"]
[EventDate "2014.04.16"]

1. e4 b6 2. d4 Bb7 3. Nc3 e6 4. a3 Nf6 5. Bd3 c5 6. dxc5 Bxc5 7. Nf3 Be7 8. e5
Nd5 9. Ne4 f5 10. Nd6+ Bxd6 11. exd6 Ba6 12. c4 Nf6 13. O-O O-O 14. Re1 Nc6 15.
b4 Bb7 16. Bb2 a5 17. b5 Na7 18. Be2 Bxf3 19. Bxf3 Rb8 20. Qd4 Nc8 21. a4 Rf7
22. Rad1 Rf8 23. Ba3 Rf7 24. Rd3 Ne8 25. Bh5 g6 26. Bf3 Qf6 27. Qxf6 Rxf6 28.
Bb2 Rf7 29. Be5 Nf6 30. h3 Na7 31. Rc1 Ne4 32. Bxe4 fxe4 33. Re3 Rbf8 34. Rc2
Nc8 35. Rxe4 Rf5 36. Rd2 R8f7 37. f4 Rf8 38. g4 R5f7 39. g5 Na7 40. Rc2 Nc8 41.
Rb2 Rf5 42. c5 R5f7 43. c6 Rd8 44. Rd4 Na7 45. Rc2 Rc8 46. Rdc4 Rcf8 47. Kg2
Rd8 48. Kg3 Rdf8 49. R2c3 Re8 50. Bd4 dxc6 51. bxc6 b5 52. Rc5 Rd8 53. Be5 Nxc6
54. Rxc6 b4 55. Bf6 Rb8 56. Rc8+ 1-0

[Event "Torneo A"]
[Site "Locri ITA"]
[Date "2014.04.17"]
[Round "4"]
[White "Familari, Giuseppe"]
[Black "Violi, Vincenzo"]
[WhiteElo "1971"]
[BlackElo "1859"]
[Result "1-0"]
[PlyCount "115"]
[EventDate "2014.04.16"]

1. e4 c5 2. c3 b6 3. d4 Bb7 4. Bd3 Nf6 5. f3 e6 6. Ne2 Be7 7. Be3 O-O 8. Nd2
Nc6 9. a3 d6 10. O-O Rc8 11. Kh1 Re8 12. Ng3 cxd4 13. cxd4 Bf8 14. Qe2 Nd7 15.
Rac1 e5 16. d5 Ne7 17. Ba6 Bxa6 18. Qxa6 Rc7 19. Nb1 Qc8 20. Qe2 Rxc1 21. Rxc1
Qb7 22. Nc3 a6 23. f4 exf4 24. Bxf4 Ng6 25. Rf1 Nxf4 26. Rxf4 g6 27. Qf1 Ne5
28. h3 Bg7 29. Qe1 b5 30. Rf1 Nc4 31. Qf2 Nxa3 32. bxa3 Bxc3 33. Qf3 Be5 34.
Ne2 Rc8 35. Rc1 Rxc1+ 36. Nxc1 Qc7 37. Nd3 Qc3 38. Nxe5 Qa1+ 39. Kh2 Qxe5+ 40.
Kg1 f5 41. exf5 Qxf5 42. Qb3 Qe4 43. Kf2 Kf7 44. Qc3 Qxd5 45. Qc7+ Kf6 46. Qxh7
Qc5+ 47. Kf1 Qc1+ 48. Ke2 Qc4+ 49. Kf3 Qd5+ 50. Kf2 Qc5+ 51. Kf1 Qxa3 52. Qh4+
g5 53. Qh6+ Kf5 54. Qf8+ Ke4 55. Qe7+ Kd3 56. Qe2+ Kd4 57. Qg4+ Kd3 58. Qg3+
1-0

[Event "Torneo A"]
[Site "Locri ITA"]
[Date "2014.04.17"]
[Round "4"]
[White "Gangemi, Salvatore"]
[Black "Varriale, Luca"]
[WhiteElo "2101"]
[BlackElo "1927"]
[Result "1/2-1/2"]
[PlyCount "43"]
[EventDate "2014.04.16"]

1. Nf3 d5 2. g3 Nc6 3. d4 Bg4 4. Bg2 Qd7 5. c3 O-O-O 6. b4 f6 7. a4 h5 8. Nbd2
g5 9. h4 gxh4 10. Nxh4 Nh6 11. Ndf3 Nf5 12. Nxf5 Bxf5 13. Nh4 Bh7 14. a5 a6 15.
e3 Bg7 16. Bd2 Kb8 17. Qe2 e5 18. b5 axb5 19. Bh3 Qe7 20. Qxb5 exd4 21. Nf5
Bxf5 22. Bxf5 1/2-1/2

[Event "Torneo A"]
[Site "Locri ITA"]
[Date "2014.04.17"]
[Round "4"]
[White "Iannello, Andrea"]
[Black "Varvaglione, Antonio"]
[WhiteElo "1876"]
[BlackElo "2057"]
[Result "1-0"]
[PlyCount "129"]
[EventDate "2014.04.16"]

1. e4 d6 2. d4 Nf6 3. Nc3 e5 4. dxe5 dxe5 5. Qxd8+ Kxd8 6. Bg5 c6 7. O-O-O+ Ke8
8. Nf3 Nbd7 9. Bd3 Bc5 10. Bh4 b5 11. Bg3 Ng4 12. Rhf1 f6 13. h3 Nh6 14. Nd2 a5
15. a4 b4 16. Ne2 Nb6 17. b3 Be6 18. f4 exf4 19. Nxf4 Ke7 20. Nxe6 Kxe6 21. Nc4
Nxc4 22. Bxc4+ Ke7 23. Rd3 Rhd8 24. Rfd1 Rxd3 25. Rxd3 Ra7 26. Kd2 Rd7 27.
Rxd7+ Kxd7 28. Kd3 g5 29. Bh2 Bd6 30. Bxd6 Kxd6 31. Kd4 c5+ 32. Ke3 f5 33. exf5
Nxf5+ 34. Ke4 Nd4 35. Bd3 h6 36. g3 Nc6 37. Bb5 Nd4 38. Bd3 h5 39. h4 gxh4 40.
gxh4 Ke6 41. Kf4 Kf6 42. Be4 Ne6+ 43. Kf3 Ke5 44. Ke3 Nf4 45. Bc6 Nd5+ 46. Kd3
Nb6 47. Be8 Kf4 48. Bxh5 Kg3 49. Bf7 Kxh4 50. Ke4 Kg3 51. Ke5 Kf3 52. Kd6 c4
53. Bxc4 Ke3 54. Bd3 Kd4 55. Kc6 Nd5 56. Kb5 Nf4 57. Kxa5 Nxd3 58. cxd3 Kc3 59.
d4 Kxb3 60. d5 Kc4 61. d6 b3 62. d7 b2 63. d8=Q b1=Q 64. Qc7+ Kd5 65. Qd7+ 1-0

[Event "Torneo A"]
[Site "Locri ITA"]
[Date "2014.04.17"]
[Round "4"]
[White "Iannello, Antonio"]
[Black "Laketic, Gojko"]
[WhiteElo "1888"]
[BlackElo "2428"]
[Result "0-1"]
[PlyCount "98"]
[EventDate "2014.04.16"]

1. e4 d6 2. d4 Nf6 3. Nc3 e5 4. Nf3 Nbd7 5. Bc4 Be7 6. O-O O-O 7. Re1 c6 8. a4
a5 9. Qe2 Qc7 10. h3 Nb6 11. Bb3 Nfd7 12. Be3 exd4 13. Bxd4 Ne5 14. Nxe5 dxe5
15. Be3 Nd7 16. Rad1 Nc5 17. Bc4 Bd7 18. Qf3 Rad8 19. Qg3 Bc8 20. Ba2 Rfe8 21.
Qf3 Bf8 22. Rxd8 Rxd8 23. Rd1 Re8 24. Bc4 Ne6 25. Rd2 Bb4 26. Qd1 Nc5 27. Bxc5
Bxc5 28. Qf3 Qe7 29. Ne2 g6 30. Ng3 Kg7 31. c3 Rf8 32. Qd1 Qg5 33. Kh2 Qf4 34.
Qe2 h5 35. Kh1 Bb6 36. Nf1 Rd8 37. Rxd8 Bxd8 38. Qe3 Qxe3 39. Nxe3 Bg5 40. Bd3
Bxe3 41. fxe3 Be6 42. c4 Kf6 43. Kg1 Ke7 44. c5 Bb3 45. Kf2 Bxa4 46. Bc4 Bc2
47. Kf3 f6 48. Bg8 Bd3 49. Bh7 Kf7 0-1

[Event "Torneo A"]
[Site "Locri ITA"]
[Date "2014.04.17"]
[Round "4"]
[White "Inkiov, Ventzislav V."]
[Black "Mrdja, Milan"]
[WhiteElo "2427"]
[BlackElo "2378"]
[Result "1/2-1/2"]
[PlyCount "22"]
[EventDate "2014.04.16"]

1. d4 d6 2. e4 g6 3. Nf3 Bg7 4. Nc3 Nf6 5. Be2 O-O 6. O-O c6 7. e5 dxe5 8. Nxe5
Nbd7 9. Bf4 Nxe5 10. Bxe5 Be6 11. Re1 Qd7 1/2-1/2

[Event "Torneo A"]
[Site "Locri ITA"]
[Date "2014.04.17"]
[Round "4"]
[White "Lazic, Miroljub"]
[Black "Bentivegna, Francesco"]
[WhiteElo "2466"]
[BlackElo "2282"]
[Result "1/2-1/2"]
[PlyCount "27"]
[EventDate "2014.04.16"]

1. Nf3 d5 2. b3 Bg4 3. e3 Nd7 4. Bb2 c6 5. Be2 Ngf6 6. d3 e6 7. Nbd2 Bd6 8. h3
Bh5 9. g4 Bg6 10. g5 Nh5 11. Rg1 h6 12. Nh4 hxg5 13. Nxg6 fxg6 14. Nf3 1/2-1/2

[Event "Torneo A"]
[Site "Locri ITA"]
[Date "2014.04.17"]
[Round "4"]
[White "Luvera', Filippo"]
[Black "Fracasso Pezzolato, Michele"]
[WhiteElo "1895"]
[BlackElo "1830"]
[Result "0-1"]
[PlyCount "146"]
[EventDate "2014.04.16"]

1. e4 c5 2. c3 Nf6 3. e5 Nd5 4. d4 cxd4 5. cxd4 e6 6. Nf3 Nc6 7. Bc4 d6 8. O-O
Be7 9. Nc3 Nxc3 10. bxc3 dxe5 11. dxe5 Qa5 12. Qe1 b5 13. Bd3 Bb7 14. Bd2 Qb6
15. Qe2 a6 16. Rfb1 Qc7 17. a4 bxa4 18. Rxa4 a5 19. Rba1 O-O 20. h4 Rfd8 21. h5
Bf8 22. Qe4 g6 23. hxg6 hxg6 24. Qe2 Bg7 25. Bg5 Rd5 26. Bf6 Nxe5 27. Bxg7
Nxf3+ 28. Qxf3 Kxg7 29. Be4 Rf5 30. Qe3 Bxe4 31. Qxe4 Rh8 32. g3 Qxc3 33. R4a3
Qd2 34. R3a2 Qh6 35. Kf1 Qh1+ 36. Qxh1 Rxh1+ 37. Ke2 Rxa1 38. Rxa1 g5 39. Ra4
Rb5 40. f3 f5 41. f4 gxf4 42. gxf4 Rb4 43. Rxa5 Rxf4 44. Ke3 Re4+ 45. Kf3 Kf6
46. Kg3 Kg5 47. Ra8 Re3+ 48. Kf2 Kf4 49. Rh8 Rg3 50. Rh4+ Rg4 51. Rh3 e5 52.
Rf3+ Ke4 53. Ra3 f4 54. Ra4+ Kf5 55. Ra5 Rg3 56. Rb5 Rd3 57. Ke2 Rc3 58. Kd2
Re3 59. Rb4 Kg4 60. Rb8 Kf3 61. Rh8 Re2+ 62. Kd1 Ke3 63. Re8 Kf3 64. Rh8 Rg2
65. Ke1 e4 66. Kf1 e3 67. Rh3+ Rg3 68. Rh2 Rg8 69. Rh3+ Ke4 70. Rh4 Ra8 71. Ke2
Ra2+ 72. Ke1 Kd3 73. Rh3 Ra1# 0-1

[Event "Torneo A"]
[Site "Locri ITA"]
[Date "2014.04.17"]
[Round "4"]
[White "Nobile, Stefano"]
[Black "Guccione, Cristoforo"]
[WhiteElo "1807"]
[BlackElo "1800"]
[Result "0-1"]
[PlyCount "60"]
[EventDate "2014.04.16"]

1. g3 e5 2. Bg2 f5 3. e3 Nf6 4. c4 g6 5. Nc3 Bg7 6. Nge2 O-O 7. O-O d6 8. Rb1
Nc6 9. b4 e4 10. d3 Qe7 11. Nd5 Nxd5 12. cxd5 Ne5 13. dxe4 fxe4 14. Bxe4 Bg4
15. Kg2 Nf3 16. Qc2 Rae8 17. Bd3 Nh4+ 18. gxh4 Bf3+ 19. Kg3 Qd7 20. h3 g5 21.
hxg5 Re5 22. Nf4 Bxd5 23. Bxh7+ Kf7 24. Qg6+ Ke7 25. Qxg7+ Rf7 26. Ng6+ Kd8 27.
Qh8+ Re8 28. Bg8 Rf3+ 29. Kg2 Rxh3+ 30. Bxd5 Qg4# 0-1

[Event "Torneo A"]
[Site "Locri ITA"]
[Date "2014.04.17"]
[Round "4"]
[White "Valguarnera, Girolamo"]
[Black "Ljubisavljevic, Zivojin Z."]
[WhiteElo "2068"]
[BlackElo "2132"]
[Result "0-1"]
[PlyCount "104"]
[EventDate "2014.04.16"]

1. Nf3 g6 2. g3 Bg7 3. Bg2 e5 4. d3 f5 5. O-O d6 6. c4 Ne7 7. Nc3 O-O 8. Bd2 h6
9. Rb1 g5 10. b4 Ng6 11. b5 Nd7 12. a4 Nc5 13. Qc2 g4 14. Ne1 Ne6 15. Qa2 Kh7
16. Nd5 f4 17. Be4 Ng5 18. Ng2 Nxe4 19. dxe4 f3 20. Nge3 c6 21. bxc6 bxc6 22.
Nc3 Qf6 23. Bc1 Nf4 24. gxf4 exf4 25. e5 Qh4 26. Qc2+ Kh8 27. exf3 fxe3 28.
fxe3 gxf3 29. Qf2 Qxf2+ 30. Kxf2 Bxe5 31. Bd2 Ba6 32. Rg1 Bxc4 33. Rg4 Ba6 34.
Rh4 Rf6 35. Ne4 Rg6 36. Ng3 Rf8 37. Rh5 c5 38. Rc1 Rb8 39. Rxe5 dxe5 40. Rxc5
Rb2 41. Rd5 Bb7 42. Rd8+ Rg8 43. Rd6 Rb6 44. Rd3 h5 45. h4 Rxg3 46. Kxg3 Rg6+
47. Kf2 Rg2+ 48. Ke1 Ba6 49. Rd8+ Kh7 50. Rf8 Re2+ 51. Kd1 f2 52. Bc3 Ra2 0-1

[Event "Torneo A"]
[Site "Locri ITA"]
[Date "2014.04.17"]
[Round "4"]
[White "Voiska, Margarita"]
[Black "Rossi, Aldo A."]
[WhiteElo "2288"]
[BlackElo "2260"]
[Result "1/2-1/2"]
[PlyCount "40"]
[EventDate "2014.04.16"]

1. d4 Nf6 2. Nf3 c5 3. d5 e6 4. c4 b5 5. dxe6 fxe6 6. cxb5 d5 7. g3 Bd6 8. Bg2
O-O 9. Nc3 Bb7 10. Ng5 Qe7 11. O-O h6 12. Nh3 Nbd7 13. a4 Rab8 14. Bf4 Ne5 15.
b6 axb6 16. Nb5 Nf7 17. Bxd6 Nxd6 18. Nf4 Rf7 19. Ng6 Qd8 20. Ne5 Re7 1/2-1/2

[Event "Torneo A"]
[Site "Locri ITA"]
[Date "2014.04.18"]
[Round "5"]
[White "Bentivegna, Francesco"]
[Black "Inkiov, Ventzislav V."]
[WhiteElo "2282"]
[BlackElo "2427"]
[Result "0-1"]
[PlyCount "56"]
[EventDate "2014.04.16"]

1. d4 Nf6 2. Nc3 d5 3. Bg5 Nbd7 4. Qd3 g6 5. e4 dxe4 6. Nxe4 Bg7 7. Nf3 O-O 8.
O-O-O c5 9. dxc5 Qa5 10. Qb5 Qxb5 11. Nxf6+ exf6 12. Bxb5 fxg5 13. Bxd7 g4 14.
Bxc8 Rfxc8 15. Ne1 Rxc5 16. Rd7 b5 17. Nd3 Rh5 18. Kd1 a5 19. Re1 Rxh2 20. g3
b4 21. Ree7 Rh1+ 22. Ke2 Rc8 23. Rc7 Rf8 24. Ra7 Bf6 25. Re4 Rc8 26. Kd2 Bg5+
27. Nf4 Rd8+ 28. Ke2 Rdd1 0-1

[Event "Torneo A"]
[Site "Locri ITA"]
[Date "2014.04.18"]
[Round "5"]
[White "Carbone, Stefano"]
[Black "Gangemi, Salvatore"]
[WhiteElo "2085"]
[BlackElo "2101"]
[Result "1/2-1/2"]
[PlyCount "81"]
[EventDate "2014.04.16"]

1. Nf3 Nf6 2. g3 g6 3. d4 d5 4. Bg2 Bg7 5. O-O O-O 6. c4 dxc4 7. Qa4 h6 8. Qxc4
Be6 9. Qa4 Qc8 10. Nc3 c6 11. Bf4 Bh3 12. Rac1 Bxg2 13. Kxg2 Nbd7 14. Rfd1 Nb6
15. Qb3 Qf5 16. Be5 g5 17. a4 Qe6 18. Qc2 Nbd5 19. Nxd5 Qxd5 20. Qc4 e6 21.
Qxd5 exd5 22. b4 a6 23. Ne1 Ne4 24. f3 Nf6 25. Nd3 Rfe8 26. Kf2 Nd7 27. Bxg7
Kxg7 28. Nc5 Nxc5 29. bxc5 Re7 30. Rd2 f5 31. Rc3 Rae8 32. Rb3 Rf8 33. Rdb2
Rff7 34. h4 Kg6 35. hxg5 hxg5 36. Re3 Rxe3 37. Kxe3 f4+ 38. gxf4 gxf4+ 39. Kf2
Kf5 40. Rb3 Rh7 41. Rb2 1/2-1/2

[Event "Torneo A"]
[Site "Locri ITA"]
[Date "2014.04.18"]
[Round "5"]
[White "Cordi', Domenico"]
[Black "Carbone, Edoardo"]
[WhiteElo "1993"]
[BlackElo "1901"]
[Result "0-1"]
[PlyCount "90"]
[EventDate "2014.04.16"]

1. d4 Nf6 2. Nf3 e6 3. c4 Bb4+ 4. Bd2 Qe7 5. a3 Bxd2+ 6. Nbxd2 d5 7. e3 O-O 8.
Rc1 c6 9. Bd3 Nbd7 10. Qc2 h6 11. O-O e5 12. dxe5 Nxe5 13. Nxe5 Qxe5 14. Nf3
Qe7 15. Nd4 dxc4 16. Bxc4 Ng4 17. h3 Ne5 18. Ba2 Kh8 19. Rfd1 Bd7 20. Bb1 Ng6
21. Nf3 Rfd8 22. Qc3 Nf8 23. Rd4 Be6 24. Rcd1 Kg8 25. Qd2 Rxd4 26. Qxd4 c5 27.
Qd6 Qxd6 28. Rxd6 f6 29. Be4 Rb8 30. Kf1 Kf7 31. Ke1 Ke7 32. Rd2 f5 33. Bd5 b6
34. Kd1 Rd8 35. Bxe6 Rxd2+ 36. Kxd2 Kxe6 37. Kc3 Nd7 38. b4 g5 39. bxc5 bxc5
40. Kc4 a6 41. h4 g4 42. Ne1 Kd6 43. Nd3 Nb6+ 44. Kc3 Nd5+ 45. Kc4 g3 0-1

[Event "Torneo A"]
[Site "Locri ITA"]
[Date "2014.04.18"]
[Round "5"]
[White "Fracasso Pezzolato, Michele"]
[Black "Nobile, Stefano"]
[WhiteElo "1830"]
[BlackElo "1807"]
[Result "0-1"]
[PlyCount "116"]
[EventDate "2014.04.16"]

1. e4 c6 2. d4 d5 3. Nc3 dxe4 4. Nxe4 Nd7 5. Nf3 Ngf6 6. Ng3 e6 7. Bd3 Qc7 8.
O-O Be7 9. Re1 b6 10. c3 Bb7 11. Ne5 Nxe5 12. dxe5 Nd7 13. Qe2 O-O-O 14. f4 Kb8
15. b4 c5 16. Bd2 g5 17. Rab1 gxf4 18. Bxf4 cxb4 19. cxb4 Bxb4 20. Rec1 Bc5+
21. Kh1 f5 22. Rf1 Ka8 23. Nxf5 exf5 24. e6 Qc6 25. exd7 Rxd7 26. Bb5 Re7 27.
Qb2 Qc8 28. Be2 Rhe8 29. Bh5 Rg8 30. Bf3 Be4 31. Rbc1 Qb7 32. a4 Reg7 33. Bxe4
Qxe4 34. Rc2 Qxa4 35. Qe5 Qe4 36. Qb2 h5 37. Re2 Qd3 38. Rfe1 Kb7 39. Qe5 h4
40. Rd2 Qc4 41. Qxf5 a5 42. Rc2 h3 43. g3 Re8 44. Rec1 Qe4+ 45. Qxe4+ Rxe4 46.
Bd2 Rge7 47. Rxc5 bxc5 48. Bxa5 Kc6 49. Kg1 Re2 50. Bd8 Re1+ 51. Rxe1 Rxe1+ 52.
Kf2 Rh1 53. g4 Rxh2+ 54. Kg3 Rh1 55. g5 c4 56. Bf6 Kd5 57. Kf2 Ke6 58. Kg3 Kf5
0-1

[Event "Torneo A"]
[Site "Locri ITA"]
[Date "2014.04.18"]
[Round "5"]
[White "Guccione, Cristoforo"]
[Black "Valguarnera, Girolamo"]
[WhiteElo "1800"]
[BlackElo "2068"]
[Result "0-1"]
[PlyCount "74"]
[EventDate "2014.04.16"]

1. d4 Nf6 2. Nc3 d5 3. Bg5 Qd6 4. Qd3 Ne4 5. Nb5 Qb6 6. Bf4 Na6 7. f3 Nd6 8.
Nxd6+ cxd6 9. O-O-O Nb4 10. Qb3 Bf5 11. e4 dxe4 12. c3 Nd3+ 13. Bxd3 exd3 14.
Qxb6 axb6 15. a3 b5 16. g4 Bg6 17. h4 h5 18. g5 b4 19. axb4 Kd7 20. Kd2 Ra2 21.
Rb1 f6 22. d5 Bf7 23. c4 b5 24. cxb5 Bxd5 25. Kxd3 e5 26. Be3 Be7 27. Rh2 Rc8
28. Rc1 Rxc1 29. Bxc1 f5 30. Be3 Bd8 31. Rc2 Ra8 32. Rf2 f4 33. Bd2 Bb6 34. Rf1
Rc8 35. Re1 Bc4+ 36. Ke4 Ke6 37. Bxf4 d5# 0-1

[Event "Torneo A"]
[Site "Locri ITA"]
[Date "2014.04.18"]
[Round "5"]
[White "Laketic, Gojko"]
[Black "Voiska, Margarita"]
[WhiteElo "2428"]
[BlackElo "2288"]
[Result "1-0"]
[PlyCount "79"]
[EventDate "2014.04.16"]

1. d4 d6 2. c4 g6 3. Nc3 Bg7 4. h3 Nd7 5. e4 e5 6. d5 Ne7 7. h4 h6 8. h5 g5 9.
g4 Ng8 10. Bd3 Ngf6 11. f3 Nc5 12. Bc2 a5 13. Be3 O-O 14. a3 Na6 15. Na4 Qd7
16. Ne2 Ne8 17. Rb1 Bf6 18. b4 axb4 19. axb4 Be7 20. Nec3 b6 21. Bd3 Ng7 22.
Rh2 Ra7 23. Ra2 Ra8 24. Qe2 Qe8 25. Qd1 f5 26. exf5 Nxf5 27. gxf5 Qxh5 28. b5
Nc5 29. Nxc5 Rxa2 30. Nxa2 dxc5 31. Kd2 Bxf5 32. Bxf5 Rxf5 33. Qh1 Qxf3 34.
Qxf3 Rxf3 35. Nc3 Kg7 36. Ra1 Rf7 37. Ra7 Bd6 38. Ne4 Bf8 39. Bxc5 bxc5 40. d6
1-0

[Event "Torneo A"]
[Site "Locri ITA"]
[Date "2014.04.18"]
[Round "5"]
[White "Mrdja, Milan"]
[Black "Iannello, Andrea"]
[WhiteElo "2378"]
[BlackElo "1876"]
[Result "1-0"]
[PlyCount "61"]
[EventDate "2014.04.16"]

1. e4 c5 2. Nf3 d6 3. c3 Nf6 4. Bd3 g6 5. h3 Bg7 6. O-O O-O 7. Bc2 Nc6 8. d4
cxd4 9. cxd4 Nb4 10. Bb3 Qc7 11. Nc3 a6 12. Bg5 e6 13. Rc1 Qd7 14. d5 exd5 15.
exd5 Qf5 16. a3 Nd3 17. Bc2 Nxb2 18. Qd4 Nh5 19. Qd2 Qd7 20. Bb3 Bxc3 21. Rxc3
Na4 22. Re3 Nc5 23. Bc2 f6 24. Bh6 Re8 25. Rfe1 Re5 26. Nxe5 dxe5 27. f4 e4 28.
Bxe4 Qd6 29. Bf3 Bd7 30. Bxh5 gxh5 31. Rg3+ 1-0

[Event "Torneo A"]
[Site "Locri ITA"]
[Date "2014.04.18"]
[Round "5"]
[White "Rossi, Aldo A."]
[Black "Lazic, Miroljub"]
[WhiteElo "2260"]
[BlackElo "2466"]
[Result "1/2-1/2"]
[PlyCount "22"]
[EventDate "2014.04.16"]

1. e4 e5 2. Nf3 Nc6 3. d4 exd4 4. Nxd4 Bb4+ 5. c3 Bc5 6. Nxc6 bxc6 7. Bd3 Qh4
8. Qe2 Nf6 9. h3 O-O 10. g3 Qh5 11. g4 Qe5 1/2-1/2

[Event "Torneo A"]
[Site "Locri ITA"]
[Date "2014.04.18"]
[Round "5"]
[White "Tricomi, Massimo"]
[Black "Arnetta, Maria Teresa"]
[WhiteElo "1883"]
[BlackElo "1998"]
[Result "1/2-1/2"]
[PlyCount "130"]
[EventDate "2014.04.16"]

1. b3 e5 2. Bb2 Nc6 3. e3 d5 4. Bb5 Bd6 5. f4 Qh4+ 6. g3 Qe7 7. Nf3 f6 8. Nc3
d4 9. Nd5 Qf7 10. fxe5 fxe5 11. e4 Qh5 12. Be2 Qg6 13. d3 Nge7 14. Nxe5 Qe6 15.
Nxc6 Nxc6 16. O-O Bd7 17. Nf4 Qh6 18. Bh5+ g6 19. Bg4 O-O-O 20. Bxd7+ Rxd7 21.
Qg4 Re8 22. Nd5 Ne5 23. Qe2 Be7 24. Bxd4 Nc6 25. Nxe7+ Rdxe7 26. Bf6 Re6 27.
Bc3 g5 28. Qg4 Kb8 29. Rf5 Ne5 30. Bxe5 Rxe5 31. Raf1 Qb6+ 32. Kg2 Rxf5 33.
Rxf5 Qc6 34. Qe2 h6 35. Qf2 a6 36. Rf6 Re6 37. Rf8+ Re8 38. Rxe8+ Qxe8 39. Qf6
Qh5 40. Qf3 Qe8 41. d4 Qe7 42. e5 Qh7 43. Qf8+ Ka7 44. Qc5+ Kb8 45. Qf8+ Ka7
46. Qf2 Qe4+ 47. Kg1 g4 48. Qd2 h5 49. Qd3 Qe1+ 50. Kg2 Kb8 51. c3 Ka8 52. b4
Kb8 53. a4 Kc8 54. Qf5+ Kb8 55. e6 Qe2+ 56. Kg1 Qe1+ 57. Qf1 Qxe6 58. Qf8+ Ka7
59. Qc5+ Kb8 60. Qf8+ Ka7 61. Qf2 Qd5 62. Qf4 Qb3 63. Qxc7 Qd1+ 64. Kf2 Qd2+
65. Kf1 Qd1+ 1/2-1/2

[Event "Torneo A"]
[Site "Locri ITA"]
[Date "2014.04.18"]
[Round "5"]
[White "Valotta, Massimiliano"]
[Black "Familari, Giuseppe"]
[WhiteElo "1849"]
[BlackElo "1971"]
[Result "0-1"]
[PlyCount "27"]
[EventDate "2014.04.16"]

1. d4 d5 2. Nf3 Nf6 3. Bg5 Nbd7 4. Nc3 g6 5. g3 Bg7 6. Bg2 O-O 7. Qd2 b6 8. Bh6
Bb7 9. Bxg7 Kxg7 10. Ne5 Ne4 11. Qe3 Nxe5 12. dxe5 d4 13. Qf4 dxc3 14. Bxe4 0-1

[Event "Torneo A"]
[Site "Locri ITA"]
[Date "2014.04.18"]
[Round "5"]
[White "Varriale, Luca"]
[Black "Ljubisavljevic, Zivojin Z."]
[WhiteElo "1927"]
[BlackElo "2132"]
[Result "1-0"]
[PlyCount "47"]
[EventDate "2014.04.16"]

1. d4 Nf6 2. c4 e6 3. Nc3 Bb4 4. a3 Bxc3+ 5. bxc3 Ne4 6. e3 f5 7. Qc2 b6 8. Bd3
Bb7 9. Ne2 O-O 10. O-O d5 11. cxd5 exd5 12. c4 c6 13. f3 Nd6 14. c5 Nf7 15.
Bxf5 g6 16. Bd3 Nd7 17. cxb6 axb6 18. e4 Re8 19. Bf4 Qe7 20. a4 c5 21. exd5
Bxd5 22. Bb5 c4 23. Nc3 Be6 24. Ne4 1-0

[Event "Torneo A"]
[Site "Locri ITA"]
[Date "2014.04.18"]
[Round "5"]
[White "Varvaglione, Antonio"]
[Black "Iannello, Antonio"]
[WhiteElo "2057"]
[BlackElo "1888"]
[Result "1-0"]
[PlyCount "65"]
[EventDate "2014.04.16"]

1. e4 c5 2. c3 g6 3. Nf3 Bg7 4. Bc4 d6 5. O-O Nf6 6. Re1 Nc6 7. h3 Nd7 8. d4
cxd4 9. cxd4 O-O 10. Nc3 a6 11. Be3 b5 12. Bd5 Bb7 13. Rc1 Rc8 14. Qd2 Nb6 15.
Bh6 Qd7 16. Bxg7 Kxg7 17. Bxc6 Qxc6 18. d5 Qc4 19. b3 Qb4 20. a3 Qxb3 21. Qd4+
Kg8 22. Qxb6 Rxc3 23. Qxb7 Rxc1 24. Rxc1 Qxa3 25. Rc6 b4 26. Qxa6 Qb2 27. Qc4
Rb8 28. Qc1 Qe2 29. Qc2 Qb5 30. Nd4 b3 31. Rc8+ Kg7 32. Qb2 Qb7 33. Nf5# 1-0

[Event "Torneo A"]
[Site "Locri ITA"]
[Date "2014.04.18"]
[Round "5"]
[White "Violi, Vincenzo"]
[Black "Luvera', Filippo"]
[WhiteElo "1859"]
[BlackElo "1895"]
[Result "1-0"]
[PlyCount "139"]
[EventDate "2014.04.16"]

1. e4 c5 2. Nf3 Nc6 3. d4 cxd4 4. Nxd4 Nf6 5. Nc3 e5 6. Ndb5 d6 7. Bg5 a6 8.
Na3 b5 9. Nd5 Be7 10. Bxf6 Bxf6 11. g3 O-O 12. Bg2 Bg5 13. O-O Be6 14. c4 b4
15. Nc2 a5 16. f4 exf4 17. gxf4 Bh6 18. Nce3 Rb8 19. b3 Kh8 20. Qh5 Ne7 21.
Nxe7 Qxe7 22. Rf3 Qf6 23. Raf1 Qd4 24. Kh1 Qxe4 25. f5 Bd7 26. Rh3 Qe5 27. Ng4
Qe2 28. Qh4 Bc6 29. Rg1 Bxg2+ 30. Rxg2 Qe4 31. Nxh6 Qxh4 32. Rxh4 gxh6 33. Rxh6
f6 34. Rd2 Rbd8 35. Rh4 Rfe8 36. Rhd4 Re5 37. Rd5 Kg7 38. Kg2 Kf7 39. Kf3 Ke7
40. Kf4 Rd7 41. Rg2 Rxd5 42. cxd5 Kf7 43. Rc2 Rd8 44. Rc6 Ke7 45. Ke4 Kd7 46.
Rc2 a4 47. Rg2 Kc7 48. Kd4 axb3 49. axb3 Kb6 50. Rc2 Ra8 51. Re2 Ra3 52. Kc4
Ra5 53. Re6 Rc5+ 54. Kxb4 Rxd5 55. Rxf6 Kc6 56. Rf7 Rd4+ 57. Kc3 Rh4 58. f6 d5
59. Ra7 Kd6 60. f7 Rf4 61. b4 h5 62. Kd3 h4 63. Ke3 Rf1 64. h3 Kc6 65. Kd4 Kd6
66. b5 Rf4+ 67. Ke3 Rf1 68. b6 Kc6 69. b7 Kc7 70. Ra8 1-0